Mathematical models of morphogenesis

Αποθηκεύτηκε σε:
Λεπτομέρειες βιβλιογραφικής εγγραφής
Κύριος συγγραφέας: Thom, Rene 1923-
Μορφή: Βιβλίο
Γλώσσα:English
Δημοσίευση: Chichester : Ellis Horwood, 1983
Σειρά:Ellis Horwood series in mathematics and its applications
Θέματα:
Ετικέτες: Προσθήκη ετικέτας
Δεν υπάρχουν, Καταχωρήστε ετικέτα πρώτοι!

MARC

LEADER 00000nam a2200000 i 4500
001 1/85684
008 970129s1983 eng d
020 |a 0-85312-243-1 
035 |l 10006322 
040 |a GR-MY-UA  |b gre  |e aacr 
041 0 |a eng 
082 0 |a 574.3320724 
100 1 |a Thom, Rene  |d 1923- 
245 1 0 |a Mathematical models of morphogenesis /  |c Rene Thom ; Translated by W. M. Brookes; D. Rand 
260 |a Chichester :   |b Ellis Horwood,   |c 1983 
300 |a 305 p. 
490 1 |a Ellis Horwood series in mathematics and its applications 
650 0 0 |a Morphogenesis  |x Mathematical models. 
830 0 |a Ellis Horwood series in mathematics and its applications 
852 |a INST  |b LESVOS  |e 19970129  |h 574.3320724 THO  |p 005100012116  |q 005100012116  |t BK  |y 0 
909 |a Λ  |b 009137